Guess Red Velvet MV From Screesnhots - Statistics

General Stats
  • This quiz has been taken 61 times
  • The average score is 19 of 26
Answer Stats
Picture Answer % Correct
Cosmic
94%
Peek-A-Boo
91%
Bad Boy
87%
Happiness
85%
Dumb Dumb
81%
Ice Cream Cake
81%
Russian Roulette
81%
Feel My Rhythm
79%
Irene & Seulgi - Monster
79%
Queendom
79%
Red Flavor
79%
Zimzalabim
79%
Chill Kill
77%
One of These Nights
77%
Psycho
77%
Umpah Umpah
77%
RBB (Really Bad Boy)
74%
Rookie
72%
Seulgi - 28 Reasons
72%
Automatic
70%
Power Up
70%
#Cookie Jar
64%
WILDSIDE
62%
Birthday
60%
Sappy
53%
Would U
40%
No matching quizzes found
Score Distribution
Percent of People with Each Score
Percentile by Number Answered
Your Score History
You have not taken this quiz